The Vikings : the seafarers (Record no. 36424)

MARC details
000 -LEADER
fixed length control field 00418nam a2200181Ia 4500
020 ## - INTERNATIONAL STANDARD BOOK NUMBER
ISBN 8094-2709-5
050 ## - CALL MARK
Classification number DL 65 .W43/
100 ## - STATEMENT OF RESPONSIBILITY--MAIN AUTHOR NAME
Personal name Wernick, Robert
245 #4 - TITLE STATEMENT
Title The Vikings : the seafarers
260 ## - PUBLICATION, DISTRIBUTION, ETC. (IMPRINT)
Place of publication Canada
260 ## - PUBLICATION, DISTRIBUTION, ETC. (IMPRINT)
Name of publisher Time-Life Books
260 ## - PUBLICATION, DISTRIBUTION, ETC. (IMPRINT)
Year of publication 1979
300 ## - PHYSICAL DESCRIPTION
Number of Pages 176 p
650 ## - SUBJECT ADDED ENTRY--TOPICAL TERM
Topical Term History- Europe
942 ## - ADDED ENTRY ELEMENTS (KOHA)
Koha item type Books
Holdings
Withdrawn status Lost status Source of classification or shelving scheme Damaged status Not for loan Permanent Location Current Location Date acquired Accession Number Price effective from Koha item type
    Library of Congress Classification     NILE UNIVERSITY OF NIGERIA - MAIN LIBRARY NILE UNIVERSITY OF NIGERIA - MAIN LIBRARY 04/23/2025 0002233 04/23/2025 Books